Comunicación entre una computadora IBM compatible y un PLC
Shranjeno v:
| Glavni avtor: | |
|---|---|
| Format: | Knjiga |
| Izdano: |
San José, Costa Rica
1992
|
| Teme: | |
| Oznake: |
Označite
Brez oznak, prvi označite!
|
MARC
| LEADER | 00000nam a2200000Ia 4500 | ||
|---|---|---|---|
| 003 | 005571 | ||
| 005 | 20221231144320.0 | ||
| 008 | 140114s1993 cr a m 000 ||s d | ||
| 040 | |c cru CEDI | ||
| 090 | |a TFG 2678 | ||
| 100 | |a Preinfalk Lavagni, Alejandro |9 12274 | ||
| 245 | |a Comunicación entre una computadora IBM compatible y un PLC | ||
| 260 | |c 1992 |a San José, Costa Rica | ||
| 300 | |a xii, 111 hojas : ilustraciones ; 27 cm | ||
| 500 | |a Proyecto de graduacion (bachillerato en ingenieria electrica)--Universidad de Costa Rica. Facultad de Ingenieria. Escuela de Ingenieria Electrica | ||
| 650 | |x IBM COMPUTADORA PERSONAL |x SISTEMAS DE TRANSMISION DE DATOS |x DISEÑO |9 12275 | ||
| 942 | |c TFG | ||
| 999 | |c 20025 |d 20025 | ||
